<?xml version="1.0" encoding="UTF-8"?>
<record
    xmlns:xsi="http://www.w3.org/2001/XMLSchema-instance"
    xsi:schemaLocation="http://www.loc.gov/MARC21/slim http://www.loc.gov/standards/marcxml/schema/MARC21slim.xsd"
    xmlns="http://www.loc.gov/MARC21/slim">

  <leader>01015nam a2200277 i 4500</leader>
  <controlfield tag="001">000000323350</controlfield>
  <controlfield tag="003">IT-MiSPE</controlfield>
  <controlfield tag="005">20240628092652.0</controlfield>
  <controlfield tag="008">031004s1992    xx            000 b ita c</controlfield>
  <datafield tag="020" ind1=" " ind2=" ">
    <subfield code="a">8839921265</subfield>
    <subfield code="c">15.000 LIRE</subfield>
  </datafield>
  <datafield tag="040" ind1=" " ind2=" ">
    <subfield code="a">IT-MiSPE</subfield>
    <subfield code="b">ita</subfield>
    <subfield code="c">IT-MiSPE</subfield>
  </datafield>
  <datafield tag="041" ind1=" " ind2=" ">
    <subfield code="a">ita</subfield>
  </datafield>
  <datafield tag="082" ind1=" " ind2=" ">
    <subfield code="a">226.2-Mt HAR da (ppv 23336)</subfield>
  </datafield>
  <datafield tag="100" ind1="1" ind2=" ">
    <subfield code="a">Harrington, Daniel J.,</subfield>
    <subfield code="c">s.j.,</subfield>
    <subfield code="d">1940-2014</subfield>
    <subfield code="9">60840</subfield>
  </datafield>
  <datafield tag="240" ind1="1" ind2="0">
    <subfield code="a">The Gospel According to Matthew. Italiano. 1992</subfield>
  </datafield>
  <datafield tag="245" ind1="1" ind2="0">
    <subfield code="a">Vangelo secondo Matteo /</subfield>
    <subfield code="c">Daniel Harrington ; traduzione dall'americano di Maria Maddalena Di Vicinio.</subfield>
  </datafield>
  <datafield tag="260" ind1=" " ind2=" ">
    <subfield code="a">Brescia :</subfield>
    <subfield code="b">Queriniana,</subfield>
    <subfield code="c">1992.</subfield>
  </datafield>
  <datafield tag="300" ind1=" " ind2=" ">
    <subfield code="a">[160] p. ;</subfield>
    <subfield code="c">21 cm</subfield>
  </datafield>
  <datafield tag="490" ind1="1" ind2=" ">
    <subfield code="a">La Bibbia per tutti ;</subfield>
    <subfield code="v">026</subfield>
  </datafield>
  <datafield tag="500" ind1=" " ind2=" ">
    <subfield code="a">Tit. orig.: The Gospel According to Matthew. Italiano. 1992</subfield>
  </datafield>
  <datafield tag="655" ind1="0" ind2="7">
    <subfield code="a">Sacra Scrittura. Studi sul Nuovo Testamento</subfield>
    <subfield code="x">Matteo.</subfield>
    <subfield code="2">local</subfield>
    <subfield code="9">56759</subfield>
  </datafield>
  <datafield tag="700" ind1="1" ind2=" ">
    <subfield code="a">Di Vicinio, Maria Maddalena,</subfield>
    <subfield code="e">tr.</subfield>
    <subfield code="9">60841</subfield>
  </datafield>
  <datafield tag="830" ind1=" " ind2="3">
    <subfield code="a">La Bibbia per tutti ;</subfield>
    <subfield code="v">026.</subfield>
    <subfield code="9">60842</subfield>
  </datafield>
  <datafield tag="942" ind1=" " ind2=" ">
    <subfield code="2">ddc</subfield>
    <subfield code="c">BK</subfield>
  </datafield>
  <datafield tag="999" ind1=" " ind2=" ">
    <subfield code="c">360161</subfield>
    <subfield code="d">360163</subfield>
  </datafield>
  <datafield tag="952" ind1=" " ind2=" ">
    <subfield code="0">0</subfield>
    <subfield code="1">0</subfield>
    <subfield code="2">ddc</subfield>
    <subfield code="4">0</subfield>
    <subfield code="6">226_000000000000000_2MT_HAR_DA_PPV_23336</subfield>
    <subfield code="7">1</subfield>
    <subfield code="a">CINISELLO</subfield>
    <subfield code="b">CINISELLO</subfield>
    <subfield code="d">2024-06-28</subfield>
    <subfield code="l">0</subfield>
    <subfield code="o">226.2-Mt HAR da (ppv 23336)</subfield>
    <subfield code="p">9788839921265</subfield>
    <subfield code="r">2024-06-28 09:27:22</subfield>
    <subfield code="w">2024-06-28</subfield>
    <subfield code="y">BK</subfield>
  </datafield>
</record>
